Portieri per Imbattibilità in Serie A - Statistics

Statistiche generali
  • Questo quiz è stato fatto 157 volte
  • Il punteggio medio è 5 su 10
Statistiche sulle risposte
Minuti di imbattibilità Squadra Portiere % Corretto
974 Juventus Gianluigi Buffon
99%
791 Juventus Gianluigi Buffon
99%
745 Juventus Gianluigi Buffon
99%
903 Juventus Dino Zoff
68%
929 Milan Sebastiano Rossi
51%
745 Lazio Luca Marchegiani
26%
744 Roma Morgan De Sanctis
14%
774 Roma Ivan Pelizzoli
8%
758 Atalanta Davide Pinato
2%
792 Genoa Mario Da Pozzo
2%
Nessun quiz corrispondente trovato
Distribuzione punteggi
Percentuale di utenti per punteggio
Percentile per numero di risposta
I tuoi punteggi nel tempo
Non hai fatto questo quiz